[Event "DSOL 04 Liga Gr-B 1st"]
[Site "Playchess.com INT"]
[Date "2020.07.08"]
[Round "3.4"]
[White "Thalheim, Jona"]
[Black "Yildiz, Oemer"]
[Result "1-0"]
[WhiteElo "1630"]
[BlackElo "1334"]
[PlyCount "103"]
[EventDate "2020.06.22"]
[EventType "team-tourn (rapid)"]
[EventCountry "GER"]
[SourceTitle "EXT 2021"]
[Source "ChessBase"]
[SourceDate "2020.10.23"]
[SourceVersion "1"]
[SourceVersionDate "2020.10.23"]
[SourceQuality "1"]
[WhiteTeam "Grossroehrsdorf"]
[BlackTeam "Lingen"]
[WhiteTeamCountry "GER"]
[BlackTeamCountry "GER"]

1. e4 c5 2. Nf3 Nc6 3. d4 cxd4 4. Nxd4 e5 5. Nf3 d6 6. Bb5 Nf6 7. Nc3 Be7 8. 0-0 0-0 9. Bg5 Bg4 10. h3 Bxf3 11. Qxf3 Nd4 12. Qd3 a6 13. Ba4 Rc8 14. Rad1 Qb6 15. Bb3 Qc7 16. Bxf6 Bxf6 17. Nd5 Qd8 18. Nxf6+ Qxf6 19. c3 Nxb3 20. axb3 Rfd8 21. Qd5 Rd7 22. b4 g5 23. Rd3 Qe6 24. Rfd1 Qxd5 25. Rxd5 Rcd8 26. g4 f6 27. Kg2 Kf7 28. Kg3 Ke6 29. h4 h6 30. Rh1 b6 31. h5 Rc7 32. Ra1 Ra8 33. Kf3 Rca7 34. Ke3 a5 35. bxa5 bxa5 36. Ra4 Kd7 37. Rb5 Kc6 38. Rb3 Rb7 39. Rxb7 Kxb7 40. Kd3 Kb6 41. b4 Kb5 42. Rxa5+ Rxa5 43. bxa5 Kxa5 44. Kc4 Kb6 45. Kd5 Kb5 46. Kxd6 Kc4 47. Ke6 Kxc3 48. Kxf6 Kd4 49. f3 Ke3 50. Kxe5 Kxf3 51. Kf5 Kg3 52. e5 1-0